=LDR 00000nam 2200000 4500 =001 INLIS000000000046601 =005 20150413164651.0 =006 =007 =008 =035 ##$$0010-041500000000083 =082 ##$$a 372.7 =090 ##$$a 372.7 LIS M =100 ##$$aDIAN RAKYAT =245 ##$$a MATEMATIKA =260 ##$$a JAKARTA =300 ##$$a HLM. 190 =850 ##$$a NPBMAT